000 00660nam a2200217Ii 4500
003 JO-AjNU
008 230605s9999||||xx |||||||||||||| ||und||
017 _a2006/4/838
040 _aJO-AjNU
_bara
_erda
_cJO-AjNU
041 _aara
050 1 4 _aLB1027.7.Y87 2006
100 3 _aيوسف،عصام,
_eauthor
_931090
245 0 0 _aالتوجيه التربوي والإرشاد النفسي
250 _aط1
264 3 1 _aعمان:دار أسامة،2006
300 _a168ص
336 _atext
_btxt
_2rdacontent
337 _aunmediated
_bn
_2rdamedia
338 _avolume
_bnc
_2rdacarrier
650 4 _aإرشاد تربوي-إرشاد نفسي
_931091
999 _aA12398
_c15966
_d15966